| 000 | 00982cam a2200253 i 4500 | ||
|---|---|---|---|
| 003 | SA-RiAUC | ||
| 005 | 20250115150951.0 | ||
| 008 | 250114s2011____ua g 000 0 ara c | ||
| 040 |
_aSA-MdIU _bara _cSA-RiAUC _erda |
||
| 082 | 0 | 4 |
_a259 _qSA-RiAUC |
| 090 |
_a259 _b ا ب ر |
||
| 100 | 1 |
_aإبراهيم، محمد يسري، _d1966- _eمؤلف. |
|
| 245 | 1 | 0 |
_aميثاق الإفتاء المعاصر / _cتأليف د. محمد يسري إبراهيم ؛ تقديم جماعة من العلماء. |
| 250 | _aالطبعة الأولى. | ||
| 264 | 1 |
_aالقاهرة : _bدار اليسر، _c2011 |
|
| 300 |
_a136 صفحة ؛ _c24 × 17 سم. |
||
| 336 |
_aنص _btxt _2rdacontent _3كتاب |
||
| 337 |
_aبدون وسيط _bn _2rdamedia |
||
| 338 |
_aمجلد _bnc _2rdacarrier |
||
| 490 | 0 |
_aسلسلة إصدارات رابطة علماء المسلمين ؛ _v1 |
|
| 650 | 7 |
_aالإفتاء _2aucsh |
|
| 942 |
_2ddc _cBOOK _n0 |
||
| 949 |
_aSA-JeALM _d250114 _uosman123 _n1 |
||
| 999 |
_c4832 _d4832 |
||